000 03876nam a22003017i 4500
003 URS
003 URS
005 20240416181606.0
008 100406b xxu||||| |||| 00| 0 eng d
040 _aURS
_beng
_erda
041 _aeng
050 0 0 _aTX 770
_b.Ac20 2014
245 _aAcceptability of bamboo shoots (bambusa vulgaria) as extender in making chicken nuggets
_cJessa Marie G. Buan...[et.al].
264 _c2014
300 _a51 leaves :
_billustrations ;
_c28 cm.
336 _atext
_btxt
_2rdacontent
337 _aunmediated
_bn
_2rdamedia
338 _avolume
_bnc
_2rdacarrier
502 _bThesis (Bachelor of Technology major in Hotel and Restaurant Management) -- University of Rizal System-Morong.
520 _aEXECUTIVE SUMMARY: The study was mainly concerned with Acceptability of Bamboo Shoots (Bambusa Vulgaris) as an Extender in Making Chicken Nuggets in terms of appearance, aroma, flavor and texture as revealed by the two groups of respondents, in University of Rizal System Morong, Campus for the S.Y 2013-2014. There were thirty (30) students and ten (10) experts of the University of Rizal System Morong, Campus who were involved in the study. The researchers determined the significant difference on the level of acceptability of bamboo shoots as an extender in making chicken nuggets in terms of the given variables as perceived by the two groups of respondents using t-test. The study was conducted to determine the Acceptability of Bamboo Shoots as an Extender in Making Chicken Nuggets during the School Year 2013-2014 in the University of Rizal System Morong-Campus. Based on the summary of findings, it was found out that the general Acceptability of Bamboo Shoots as an Extender in Making Chicken Nuggets as perceived by the students, obtained a weighted mean of 9.4 verbally interpreted as 'Liked extremely' and as perceived by the experts, the obtained weighted mean of 7.6 was verbally interpreted as 'Liked Very Much'. In terms of appearance, the students obtained a weighted mean of 4.5 which ranked third and experts obtained a weighted mean of 4.2 which rank second. In terms of aroma, the student obtained a weighted mean of 4.3 which ranked fourth and experts obtained a weighted mean of 4.1 which ranked third. In terms of flavor, the student obtained a weighted 4.6 which ranked second and experts obtained a weighted mean of 3.7 which ranked fourth. In terms of texture, the student obtained a weighted mean of 5.0 and experts obtained a weighted mean of 4.6 both in the first rank. The following conclusions were drawn based on the summary of findings; first the Acceptability of Bamboo Shoots (Bambusa Vulgaris) as an Extender in Making Chicken Nuggets was 'Very Accepted' by the respondents in terms of different characteristics; second, The Acceptability of Bamboo Shoots (Bambusa Vulgaris) as an Extender in Making Chicken Nuggets as perceived by the two groups of respondents was 'Liked Very Much'. In the light of the findings and conclusions drawn, the following recommendations are hereby offered. First, the aroma and flavor of the product considering the proper mixture, measurement and quality of ingredients should be improved. Second, further experiments should be performed using other variables such as cost and appearance. Third, the usage of Bamboo Shoots in Making Chicken Nuggets and to other related products must be endorsed and implemented. And lastly, another method of preparation must be used when utilizing Bamboo Shoots.
650 _aCookery (Bamboo shoots).
700 1 _aBautista, Angelli Nicole D.
_eauthor
700 1 _aBernal, Joy Henry C.
_eauthor
700 1 _aFerrera, Franz Felip King L.
_eauthor
700 1 _aTibayan, Robert John C.
_eauthor
856 _3Online Request for Student Unpublished Works
_uhttps://forms.gle/7LqvGGkaDrUQqz429
942 _2lcc
_cT
999 _c74870
_d74869